000 00956nam a22002651u 4500
001 05565
003 HDC
007 cr bn ---
008 210120p xx fo d 00 engg
040 _aHDC
100 _aNor Khomar Ishak
_95837
245 0 _a4TH. WORLD HALAL RESEARCH SUMMIT 2011 KUALA LUMPUR :
_bINNOVATIONS IN HALAL SERVICE SECTOR/
_cby Nor Khomar Ishak & Khairu'l Najmi Idris
260 _a[No place] :
_b[publisher not identified],
_c2011
300 _a18 pages :
_bIllustrations
336 _atext
_2rdacontent
337 _acomputer
_2rdamedia
338 _aonline resource
_2rdacarrier
650 _aHalal industry
_9144
650 _aHalal innovations
_95838
650 _aService Sector
_95095
856 _zRequest full-text at [email protected]
942 _2lcc
942 _cSLIDE
942 _kSLID 000439
999 _c2889
_d2889